000 02041nam a2200205 4500
005 20260209143621.0
008 260127b ||||| |||| 00| 0 eng d
040 _cSSBUL
041 _aEnglish
082 _223
_bT-49 Ph.D
100 0 _aAung Aung Hla.
_965770
245 1 0 _aHistory of Monywa (1948-1962) /
_cAung Aung Hla.
260 _aMandalay :
_b University of Mandalay,
_cOct 2013.
300 _axxiv ,148 p.
_bIncludes Maps,Photographs and tables.
_c30 cm.
502 _a"History of Monywa (1948-1962)" makes efforts to portray the political,economic,social and religious situations during post-independence era.Although Amyint,Badon and Kani being the principal towns of Monywa District in Precolonial period,,Monywa stood as an ordinary village.During colonial era,Monywa emerged as a thriving town in the Sagaing Division.Its location and means of communication favoured Monywa to become an economic centre of the District.However,the civil war after independence greatly affected the socioeconomy of the region.The insurgents such as Communits and People's Volunteer Organization overran Monywa District.After the restroration of law and order,Monywa region reemerged as a thriving economic centre.This disseration traces the repercussion of insurgencies and political movements of agriculture,commerce and industries are also discussed.Exminations are also made on the goverment's efforts for gradual development of public healthcare,education,literature and other social welfare.Monywa District is also well-known for numerous renowned pagodas,learning centres of Buddhist scriptures and emergence of celebrated monks.This Disseration also discusses of celebrated monks for the propagation of Buddhism in Monywa District.
_bPh.D.
_cUniversity of Mandalay.
_dOct 2013.
504 _aIncludes Bibliography.
505 _aContents Introduction Chapters 1.Politics 2.Economy 3.Social 4.Religion
_rAung Aung Hla.
_tHistory of Monywa (1948-1962).
650 _aMonywa, Myanmar
_y(1948-1962)
_965771
_xHistory
942 _2ddc
_cREF
999 _c47313
_d47313